[Event "Colon Entrerriano op"]
[Site "Colon"]
[Date "2023.06.23"]
[Round "1"]
[White "Heffele, Alejo"]
[Black "Cornejo, Diego"]
[Result "0-1"]
[WhiteElo "1458"]
[BlackElo "1936"]
[PlyCount "70"]
[EventDate "2023.06.23"]
[EventType "swiss"]
[EventRounds "6"]
[EventCountry "ARG"]
[SourceTitle "EXT 2024"]
[Source "ChessBase"]
[SourceDate "2023.10.10"]
[SourceVersion "1"]
[SourceVersionDate "2023.10.10"]
[SourceQuality "1"]

1. c4 Nf6 2. Nc3 g6 3. g3 Bg7 4. Bg2 0-0 5. Nf3 d6 6. 0-0 e5 7. d3 Nc6 8. Bg5 h6 9. Bxf6 Bxf6 10. Ne1 Be6 11. Nc2 a5 12. Ne3 Qd7 13. Ned5 Bd8 14. f4 f5 15. e4 Nd4 16. fxe5 dxe5 17. exf5 gxf5 18. Ne3 c6 19. Qh5 Qg7 20. Bh3 Qg5 21. Qxg5+ hxg5 22. Rf2 g4 23. Bg2 f4 24. Nc2 Bb6 25. Kh1 Nf5 26. Rd2 f3 27. Bf1 Kg7 28. h4 Nxg3+ 29. Kh2 Nf5 30. Re1 g3+ 31. Kh3 g2 32. Bxg2 Ne3+ 33. Kh2 Nxg2 34. Rxg2+ fxg2 35. Kxg2 Rf2+ 0-1

[Event "Santa Fe Litoral op 2nd"]
[Site "Santa Fe"]
[Date "2022.11.13"]
[Round "7"]
[White "Heffele, Alejo"]
[Black "Ressia, Lorenzo"]
[Result "0-1"]
[WhiteElo "1452"]
[BlackElo "1788"]
[PlyCount "60"]
[EventDate "2022.11.10"]
[EventType "swiss"]
[EventRounds "7"]
[EventCountry "ARG"]
[SourceTitle "CBM 211 Extra"]
[Source "ChessBase"]
[SourceDate "2023.01.31"]
[SourceVersion "1"]
[SourceVersionDate "2023.01.31"]
[SourceQuality "1"]

1. c4 e5 2. Nc3 Nc6 3. g3 f5 4. Bg2 Nf6 5. d3 Bb4 6. a3 Bxc3+ 7. bxc3 0-0 8. Bg5 h6 9. Bxf6 Qxf6 10. Nh3 g5 11. Qd2 b6 12. f4 exf4 13. gxf4 g4 14. Nf2 Bb7 15. Rg1 Rae8 16. h3 h5 17. hxg4 hxg4 18. 0-0-0 Na5 19. Qb2 Bxg2 20. Rxg2 Qd6 21. Rd2 Qxf4 22. e4 Re7 23. exf5 Rg7 24. Ne4 Rxf5 25. Rgf2 Qe5 26. Rde2 Rxf2 27. Rxf2 Rf7 28. Rxf7 Kxf7 29. Qf2+ Kg7 30. Qd4 Nb3+ 0-1